[Event "GER-ch Net blitz qual5"]
[Site "Playchess.com INT"]
[Date "2020.03.28"]
[Round "9"]
[White "Legde, Georg"]
[Black "Junge, Kai"]
[Result "1/2-1/2"]
[WhiteElo "2333"]
[BlackElo "2184"]
[PlyCount "93"]
[EventDate "2020.03.28"]
[EventType "swiss (blitz)"]
[EventRounds "13"]
[EventCountry "GER"]
[SourceTitle "CBM 195 Extra"]
[Source "ChessBase"]
[SourceDate "2020.05.31"]
[SourceVersion "1"]
[SourceVersionDate "2020.05.31"]
[SourceQuality "1"]

1. d4 Nf6 2. c4 g6 3. Nc3 Bg7 4. e4 d6 5. f4 0-0 6. Nf3 c5 7. dxc5 Qa5 8. Bd3 dxc5 9. e5 Ng4 10. h3 Nh6 11. 0-0 Rd8 12. Qe2 Nc6 13. Nd5 Nf5 14. Bd2 Qa4 15. Nc3 Qa6 16. Nb5 Qb6 17. a4 Ncd4 18. Nfxd4 Nxd4 19. Nxd4 Rxd4 20. Be3 Rd8 21. Be4 Bf5 22. Bxf5 gxf5 23. Rfd1 Qc6 24. b3 Qe4 25. Kf2 b6 26. Rxd8+ Rxd8 27. Rd1 Qa8 28. Rxd8+ Qxd8 29. Qd2 Qxd2+ 30. Bxd2 Kf8 31. g4 e6 32. Kg3 Ke8 33. Bc3 Kd7 34. Kh4 fxg4 35. hxg4 Ke8 36. Kg5 Kf8 37. f5 Kg8 38. Kh5 Bf8 39. Bd2 Bg7 40. Bf4 Bf8 41. Bg5 Bg7 42. Bf4 Bf8 43. Bh6 Be7 44. Bg5 Bf8 45. Bh6 Be7 46. Bg5 Bf8 47. Bh6 1/2-1/2

[Event "GER-ch Net blitz qual5"]
[Site "Playchess.com INT"]
[Date "2020.03.28"]
[Round "11"]
[White "Legde, Georg"]
[Black "Riesner, Daniel"]
[Result "0-1"]
[WhiteElo "2333"]
[BlackElo "1967"]
[PlyCount "60"]
[EventDate "2020.03.28"]
[EventType "swiss (blitz)"]
[EventRounds "13"]
[EventCountry "GER"]
[SourceTitle "CBM 195 Extra"]
[Source "ChessBase"]
[SourceDate "2020.05.31"]
[SourceVersion "1"]
[SourceVersionDate "2020.05.31"]
[SourceQuality "1"]

1. Nf3 Nf6 2. c4 e6 3. g3 d5 4. Bg2 Be7 5. b3 0-0 6. 0-0 c5 7. e3 b6 8. Bb2 Bb7 9. Nc3 Nbd7 10. Qe2 Qc7 11. Rac1 Rac8 12. d3 Qb8 13. e4 d4 14. Nb1 e5 15. Nh4 Rfe8 16. Rce1 b5 17. Bc1 bxc4 18. bxc4 Bc6 19. Nd2 Qc7 20. Nb3 Ba4 21. f4 Rb8 22. Nd2 Qa5 23. Ndf3 Bd6 24. Nf5 Bc7 25. Bd2 Qa6 26. Rb1 Bc2 27. Rxb8 Rxb8 28. Bc1 Bb1 29. a3 Qa4 30. Ng5 Qc2 0-1

[Event "GER-ch Net blitz qual4"]
[Site "Playchess.com INT"]
[Date "2020.03.23"]
[Round "5"]
[White "Litfin, Boris"]
[Black "Legde, Georg"]
[Result "0-1"]
[WhiteElo "1948"]
[BlackElo "2333"]
[PlyCount "110"]
[EventDate "2020.03.23"]
[EventType "swiss (blitz)"]
[EventRounds "9"]
[EventCountry "GER"]
[SourceTitle "CBM 195 Extra"]
[Source "ChessBase"]
[SourceDate "2020.05.31"]
[SourceVersion "1"]
[SourceVersionDate "2020.05.31"]
[SourceQuality "1"]

1. e4 c5 2. Nc3 e6 3. f4 d5 4. Nf3 a6 5. a4 Nc6 6. d3 Nf6 7. e5 Nd7 8. Be2 Be7 9. 0-0 0-0 10. h4 Rb8 11. Ng5 h6 12. Nf3 Bxh4 13. Nxh4 Qxh4 14. Rf3 f5 15. Rh3 Qe7 16. Bh5 Rd8 17. Bg6 Nf8 18. Rg3 Nxg6 19. Rxg6 Kh7 20. Qh5 Qe8 21. Rg5 Qxh5 22. Rxh5 Nd4 23. Bd2 Nxc2 24. Rf1 Bd7 25. Kf2 Nb4 26. Ke2 d4 27. Nd1 Bxa4 28. Nf2 Be8 29. Rh3 Nd5 30. Rfh1 Bg6 31. g4 Kg8 32. gxf5 Bxf5 33. Rg3 Kf7 34. Rhg1 g6 35. Ba5 b6 36. Bd2 b5 37. Ne4 c4 38. Nd6+ Rxd6 39. exd6 Bxd3+ 40. Kf2 Bf5 41. Ba5 Ke8 42. Bc7 Nxc7 43. dxc7 Rc8 44. Rxg6 Bxg6 45. Rxg6 Kd7 46. Rxe6 Kxe6 47. f5+ Kxf5 48. Kg3 Rxc7 49. Kh4 Rg7 50. b3 d3 51. bxc4 bxc4 52. Kh5 d2 53. Kxh6 Rg2 54. Kh7 d1Q 55. Kh8 Qh1# 0-1

[Event "Oberliga Ost-B 1920"]
[Site "Germany"]
[Date "2019.11.17"]
[Round "3.3"]
[White "Wehner, Janis"]
[Black "Legde, Georg"]
[Result "1/2-1/2"]
[WhiteElo "2128"]
[BlackElo "2333"]
[PlyCount "58"]
[EventDate "2019.09.29"]
[EventType "team-tourn"]
[EventRounds "11"]
[EventCountry "GER"]
[SourceTitle "EXT 2021"]
[Source "ChessBase"]
[SourceDate "2020.10.23"]
[SourceVersion "1"]
[SourceVersionDate "2020.10.23"]
[SourceQuality "1"]
[WhiteTeam "Erfurt Medizin"]
[BlackTeam "Moerlenbach Birkenau"]
[WhiteTeamCountry "GER"]
[BlackTeamCountry "GER"]

1. e4 c5 2. Nf3 e6 3. d4 cxd4 4. Nxd4 a6 5. Nc3 b5 6. g3 Bb7 7. Bg2 Nf6 8. a3 d6 9. 0-0 Nbd7 10. Qe2 Qc7 11. Be3 Nc5 12. Bg5 Be7 13. Rad1 0-0 14. Rfe1 Rfd8 15. f4 h6 16. Bh4 Rac8 17. e5 dxe5 18. fxe5 Nh7 19. Bxe7 Qxe7 20. b4 Qc7 21. bxc5 Bxg2 22. Qxg2 Qxc5 23. Ne4 Qxe5 24. Qf2 Qc7 25. Rd3 Qb7 26. Nf3 Qe7 27. Red1 Rxd3 28. Rxd3 Nf6 29. Nxf6+ Qxf6 1/2-1/2

[Event "Frankfurt-chA"]
[Site "Frankfurt"]
[Date "2019.06.17"]
[Round "7"]
[White "Nehmert, Ulrich"]
[Black "Legde, Georg"]
[Result "1/2-1/2"]
[WhiteElo "2152"]
[BlackElo "2263"]
[PlyCount "20"]
[EventDate "2019.04.29"]
[EventType "swiss"]
[EventRounds "7"]
[EventCountry "GER"]
[SourceTitle "EXT 2020"]
[Source "ChessBase"]
[SourceDate "2019.10.17"]
[SourceVersion "1"]
[SourceVersionDate "2019.10.17"]
[SourceQuality "1"]

1. d4 d5 2. c4 dxc4 3. e3 Be6 4. Na3 Nf6 5. Nf3 Bd5 6. Bxc4 e6 7. 0-0 Bxa3 8. Bxd5 exd5 9. Qa4+ Nc6 10. Qxa3 Qd6 1/2-1/2

[Event "BL2-Sued 1819"]
[Site "Germany"]
[Date "2019.03.22"]
[Round "4.4"]
[White "Wieczorek, Oskar"]
[Black "Legde, Georg"]
[Result "1-0"]
[WhiteElo "2492"]
[BlackElo "2311"]
[PlyCount "53"]
[EventDate "2018.11.10"]
[EventType "team-tourn"]
[EventRounds "10"]
[EventCountry "GER"]
[SourceTitle "CBM 190 Extra"]
[Source "ChessBase"]
[SourceDate "2019.07.15"]
[SourceVersion "1"]
[SourceVersionDate "2019.07.15"]
[SourceQuality "1"]
[WhiteTeam "Heusenstamm"]
[BlackTeam "Moerlenbach Birkenau"]
[WhiteTeamCountry "GER"]
[BlackTeamCountry "GER"]

1. e4 c5 2. Nf3 Nc6 3. d4 cxd4 4. Nxd4 Nf6 5. Nc3 e6 6. Nxc6 bxc6 7. e5 Nd5 8. Ne4 Qc7 9. f4 Qb6 10. c4 Bb4+ 11. Ke2 f5 12. Nf2 Ba6 13. Kf3 Ne7 14. Be3 Bc5 15. Bxc5 Qxc5 16. Qd6 Qa5 17. Be2 g5 18. Rhd1 Rd8 19. g3 gxf4 20. gxf4 Rg8 21. b3 c5 22. Ke3 Rg2 23. Bh5+ Ng6 24. Qd2 Qxd2+ 25. Rxd2 Rxh2 26. Bf3 Rc8 27. Rd6 1-0

[Event "BL2-Sued 1718"]
[Site "Germany"]
[Date "2018.02.25"]
[Round "10.3"]
[White "Legde, Georg"]
[Black "Riff, Jean Noel"]
[Result "0-1"]
[WhiteElo "2312"]
[BlackElo "2508"]
[PlyCount "52"]
[EventDate "2017.10.21"]
[EventType "team-tourn"]
[EventRounds "10"]
[EventCountry "GER"]
[SourceTitle "CBM 183 Extra"]
[Source "ChessBase"]
[SourceDate "2018.04.19"]
[SourceVersion "1"]
[SourceVersionDate "2018.04.19"]
[SourceQuality "1"]
[WhiteTeam "Moerlenbach Birkenau"]
[BlackTeam "Baden-Baden II"]
[WhiteTeamCountry "GER"]
[BlackTeamCountry "GER"]

1. d4 Nf6 2. c4 e6 3. Nc3 Bb4 4. Qc2 0-0 5. Nf3 d6 6. g3 Nbd7 7. Bg2 e5 8. 0-0 Re8 9. Rd1 c6 10. dxe5 dxe5 11. a3 Bf8 12. Bg5 Qc7 13. b4 h6 14. Be3 Nb6 15. Na4 Nxa4 16. Qxa4 Ng4 17. Bd2 e4 18. Bf4 Qe7 19. Ne1 Qf6 20. Nc2 Nxf2 21. Kxf2 g5 22. e3 gxf4 23. exf4 Bg4 24. Re1 Rad8 25. Ne3 Rd2+ 26. Kf1 Be2+ 0-1

[Event "BL2-Sued 1718"]
[Site "Germany"]
[Date "2018.02.24"]
[Round "9.3"]
[White "Baklan, Vladimir"]
[Black "Legde, Georg"]
[Result "1-0"]
[WhiteElo "2600"]
[BlackElo "2312"]
[PlyCount "91"]
[EventDate "2017.10.21"]
[EventType "team-tourn"]
[EventRounds "10"]
[EventCountry "GER"]
[SourceTitle "CBM 183 Extra"]
[Source "ChessBase"]
[SourceDate "2018.04.19"]
[SourceVersion "1"]
[SourceVersionDate "2018.04.19"]
[SourceQuality "1"]
[WhiteTeam "Emmendingen"]
[BlackTeam "Moerlenbach Birkenau"]
[WhiteTeamCountry "GER"]
[BlackTeamCountry "GER"]

1. e4 c5 2. Nf3 Nc6 3. Bb5 d6 4. 0-0 Bd7 5. Re1 Nf6 6. c3 a6 7. Bc4 Bg4 8. d4 cxd4 9. cxd4 Rc8 10. Be3 e6 11. d5 exd5 12. Bxd5 Nxd5 13. exd5 Ne5 14. Bd4 Bxf3 15. Qxf3 Be7 16. Qb3 0-0 17. Nc3 Qc7 18. Rad1 Rfe8 19. f4 Nd7 20. Ne4 Bf8 21. Qh3 Re7 22. Ng3 Rce8 23. Rf1 Re3 24. Rc1 Qd8 25. Bxe3 Rxe3 26. Qf5 g6 27. Qc2 Nc5 28. Rce1 Qe7 29. Qd2 Rxe1 30. Rxe1 Qd8 31. Ne4 Nxe4 32. Rxe4 Bg7 33. b3 Qb6+ 34. Kf1 Bf6 35. g3 Kg7 36. Kg2 h5 37. h3 Qc5 38. Rc4 Qb5 39. g4 hxg4 40. hxg4 Qd7 41. Kf3 Bd8 42. Rc1 Bf6 43. Kg3 g5 44. fxg5 Be5+ 45. Kf3 Qe7 46. Rh1 1-0

[Event "Heusenstamm Sparkassen op-A 4th"]
[Site "Heusenstamm"]
[Date "2017.11.25"]
[Round "5"]
[White "Biriukov, Nikolai"]
[Black "Legde, Georg"]
[Result "0-1"]
[WhiteElo "2393"]
[BlackElo "2306"]
[PlyCount "50"]
[EventDate "2017.11.23"]
[EventType "swiss"]
[EventRounds "7"]
[EventCountry "GER"]
[SourceTitle "EXT 2019"]
[Source "ChessBase"]
[SourceDate "2018.10.10"]
[SourceVersion "1"]
[SourceVersionDate "2018.10.10"]
[SourceQuality "1"]

1. Nf3 Nf6 2. c4 e6 3. Nc3 Bb4 4. Qc2 0-0 5. a3 Bxc3 6. dxc3 d6 7. Bg5 Nbd7 8. e3 h6 9. Bh4 b6 10. Nd2 Bb7 11. f3 Ne5 12. Be2 Ng6 13. Bf2 e5 14. 0-0-0 Re8 15. g4 e4 16. Rhg1 exf3 17. Bd3 Qe7 18. g5 hxg5 19. Rxg5 Ne4 20. Nxe4 Bxe4 21. Rdg1 Bxd3 22. Qxd3 Qe4 23. Qd4 c5 24. Qd1 Rad8 25. h4 Ne5 0-1